[Event "SM Master Norm"]
[Site "SchemingMind.com"]
[Date "2007.10.17"]
[Round "-"]
[White "Konan_Kaddosh"]
[Black "jdcald13"]
[Result "1-0"]
[WhiteCountry "ITA"]
[BlackCountry "USA"]
[WhiteElo "2377"]
[WhiteRD "62"]
[BlackElo "1914"]
[BlackRD "55"]
[GameID "124793"]

1. e4 e6 2. d4 d5 3. Nc3 Bb4 4. e5 c5 5. a3 Bxc3+ 6. bxc3 Qc7 7. Nf3 Ne7 8. a4 O-O 9. Bd3 h6 10. O-O b6
11. Re1 Ba6 12. Bb5 Bxb5 13. axb5 a5 14. dxc5 Qxc5 15. Ba3 Qc7 16. Bd6 Qb7 17. Nd4 Rc8 18. Re3 Rc4 19. Qh5 Ng6 20. Nxe6 fxe6
21. Qxg6 Qf7 22. Qxf7+ Kxf7 23. Rf3+ Kg6 24. Rf8 Rxc3 25. f4 Rxc2 26. f5+
1-0

[Event "SM Master Norm"]
[Site "SchemingMind.com"]
[Date "2007.10.17"]
[Round "-"]
[White "jdcald13"]
[Black "Konan_Kaddosh"]
[Result "0-1"]
[WhiteCountry "USA"]
[BlackCountry "ITA"]
[WhiteElo "1914"]
[WhiteRD "55"]
[BlackElo "2377"]
[BlackRD "62"]
[GameID "124794"]

1. c4 e5 2. Nc3 Nf6 3. g3 Bb4 4. Bg2 O-O 5. a3 Bxc3 6. bxc3 Nc6 7. d3 e4 8. d4 Na5 9. c5 d6 10. cxd6 cxd6
11. e3 Bg4 12. Ne2 Rc8 13. Bd2 Nc4 14. Rb1 Qa5 15. Qb3 Bf3 16. Bxf3 exf3 17. Nf4 Nxd2 18. Kxd2 Rxc3
0-1

[Event "SM Master Norm"]
[Site "SchemingMind.com"]
[Date "2007.10.17"]
[Round "-"]
[White "megapixel"]
[Black "jdcald13"]
[Result "1/2-1/2"]
[WhiteCountry "ENG"]
[BlackCountry "USA"]
[WhiteElo "1964"]
[WhiteRD "77"]
[BlackElo "1931"]
[BlackRD "46"]
[GameID "124811"]

1. Nf3 Nf6 2. c4 g6 3. b4 Bg7 4. Bb2 O-O 5. g3 d6 6. Bg2 c5 7. bxc5 dxc5 8. O-O Nc6 9. d3 Bg4 10. h3 Bf5
11. Nc3 Qc8 12. Kh2 a6 13. a4 Rb8 14. Re1 Rd8 15. Qc1 e5 16. e4 Be6 17. Nd5 Nd7 18. Bc3 b5 19. axb5 axb5 20. cxb5 Rxb5
21. Ne3= Nd4 22. Bxd4 cxd4 23. Qxc8 Rxc8 24. Nd5 Bxd5 25. exd5 Rxd5 26. Nd2 Rb5 27. Nc4= Rb3 28. Bf1 Nb6 29. Nxb6 Rxb6 30. Ra2 Rcb8
31. Kg2 Rb2 32. Rxb2= Rxb2 33. Ra1 Bh6 34. Kg1 Kg7 35. Ra5 Kf6 36. Ra6+ Kf5 37. Bg2 Bd2 38. h4 Kg4 39. Rf6 g5 40. Bf3+=
1/2-1/2

[Event "SM Master Norm"]
[Site "SchemingMind.com"]
[Date "2007.10.16"]
[Round "-"]
[White "megapixel"]
[Black "Konan_Kaddosh"]
[Result "0-1"]
[WhiteCountry "ENG"]
[BlackCountry "ITA"]
[WhiteElo "1949"]
[WhiteRD "76"]
[BlackElo "2415"]
[BlackRD "58"]
[GameID "124812"]

1. Nf3 d5 2. c4 e6 3. g3 Nf6 4. Bg2 Be7 5. O-O O-O 6. b3 c5 7. Bb2 Nc6 8. e3 d4 9. exd4 cxd4 10. Re1 Qb6
11. d3 Bd7 12. Na3 Rfd8 13. Nc2 a5 14. Re2 Be8 15. Qd2 h6 16. Ne5 Nxe5 17. Rae1 Nxc4
0-1

[Event "SM Master Norm"]
[Site "SchemingMind.com"]
[Date "2007.10.17"]
[Round "-"]
[White "jdcald13"]
[Black "megapixel"]
[Result "1/2-1/2"]
[WhiteCountry "USA"]
[BlackCountry "ENG"]
[WhiteElo "1907"]
[WhiteRD "49"]
[BlackElo "1949"]
[BlackRD "76"]
[GameID "124813"]

1. c4 b6 2. Nc3 Bb7 3. d4 e6 4. e4 Bb4 5. f3 f5 6. e5 Nh6 7. a3 Bxc3+ 8. bxc3 Nc6 9. Bd3 Nf7 10. Ne2 Qh4+
11. g3 Qe7 12. a4 O-O-O 13. Ba3 Qe8 14. c5 Ncxe5 15. dxe5 Nxe5 16. Nd4 Qh5 17. cxb6 axb6 18. O-O c5 19. f4 Qxd1=
1/2-1/2

[Event "SM Master Norm"]
[Site "SchemingMind.com"]
[Date "2007.10.16"]
[Round "-"]
[White "Konan_Kaddosh"]
[Black "megapixel"]
[Result "1-0"]
[WhiteCountry "ITA"]
[BlackCountry "ENG"]
[WhiteElo "2415"]
[WhiteRD "58"]
[BlackElo "1949"]
[BlackRD "76"]
[GameID "124814"]

1. e4 b6 2. d4 Bb7 3. Nc3 e6 4. Nf3 Bb4 5. Bd3 Nf6 6. Qe2 d5 7. exd5 Qxd5 8. O-O Bxc3 9. bxc3 O-O 10. Bf4 Rc8
11. c4 Qh5 12. Ne5 Qxe2 13. Bxe2 c5 14. c3 Nbd7 15. a4 Nxe5 16. dxe5 Nd7 17. Rfd1 Rd8 18. a5 Nf8 19. Rd6 Rxd6 20. exd6 Nd7
21. Bd1 Bc6 22. axb6 Nxb6 23. Ra5
1-0

[Event "SM Master Norm"]
[Site "SchemingMind.com"]
[Date "2007.10.17"]
[Round "-"]
[White "Manuel Angel"]
[Black "jdcald13"]
[Result "0-1"]
[WhiteCountry "ESP"]
[BlackCountry "USA"]
[WhiteElo "1747"]
[WhiteRD "74"]
[BlackElo "1931"]
[BlackRD "46"]
[GameID "124837"]

1. e4 c5 2. Nf3 e6 3. d4 cxd4 4. Nxd4 Nf6 5. Nc3 a6 6. e5 Ng8 7. Be2 d5 8. exd6 Bxd6 9. Be3 Nf6 10. Qd3 O-O
11. O-O-O Qe7 12. Nxe6 Bxe6 13. Qxd6 Qxd6 14. Rxd6 Nc6 15. Rhd1 Rfd8 16. Rxd8+ Rxd8 17. Rxd8+ Nxd8 18. Na4 Nd5 19. Bg5 f6 20. Bd2 Nc6
21. Nc5 Bc8 22. Bc4 Ne7 23. a4 Kf8 24. a5 Ke8
0-1

[Event "SM Master Norm"]
[Site "SchemingMind.com"]
[Date "2007.10.17"]
[Round "-"]
[White "Manuel Angel"]
[Black "Konan_Kaddosh"]
[Result "0-1"]
[WhiteCountry "ESP"]
[BlackCountry "ITA"]
[WhiteElo "1747"]
[WhiteRD "74"]
[BlackElo "2444"]
[BlackRD "56"]
[GameID "124838"]

1. d4 Nf6 2. c4 e6 3. Nf3 b6 4. Nc3 Bb7 5. e3 Bb4 6. Bd3 O-O 7. O-O d5 8. cxd5 exd5 9. Ne5 Nbd7 10. f4 c5
11. Qa4 Qe7 12. Bf5 Rfd8 13. Bd2 g6
0-1

[Event "SM Master Norm"]
[Site "SchemingMind.com"]
[Date "2007.10.18"]
[Round "-"]
[White "jdcald13"]
[Black "Manuel Angel"]
[Result "1-0"]
[WhiteCountry "USA"]
[BlackCountry "ESP"]
[WhiteElo "1907"]
[WhiteRD "49"]
[BlackElo "1758"]
[BlackRD "73"]
[GameID "124840"]

1. c4 c5 2. g3 Nf6 3. Bg2 d6 4. Nc3 g6 5. Nf3 Bg7 6. O-O Nc6 7. a3 O-O 8. Rb1 Bf5 9. d3 Qd7 10. b4 Ng4
11. Bd2 Rab8 12. h3
1-0

[Event "SM Master Norm"]
[Site "SchemingMind.com"]
[Date "2007.10.16"]
[Round "-"]
[White "megapixel"]
[Black "Manuel Angel"]
[Result "1-0"]
[WhiteCountry "ENG"]
[BlackCountry "ESP"]
[WhiteElo "1964"]
[WhiteRD "77"]
[BlackElo "1747"]
[BlackRD "74"]
[GameID "124842"]

1. Nf3 Nf6 2. c4 d5 3. cxd5 Qxd5 4. Nc3 Qa5 5. d4 c6 6. Bd2 Nbd7 7. e4 e5 8. dxe5 Nxe5 9. Nd5 Nxf3+ 10. Qxf3 Qd8
11. Nxf6+ Qxf6 12. Qxf6 gxf6 13. Bc3 Be7 14. Be2 Rg8 15. g3 Be6 16. f4
1-0

[Event "SM Master Norm"]
[Site "SchemingMind.com"]
[Date "2007.10.17"]
[Round "-"]
[White "ajedrez perfecto"]
[Black "jdcald13"]
[Result "0-1"]
[WhiteCountry "BAH"]
[BlackCountry "USA"]
[WhiteElo "2218"]
[WhiteRD "86"]
[BlackElo "1948"]
[BlackRD "47"]
[GameID "124890"]

1. Nf3 g6 2. e4 Bg7 3. d4 d6 4. Nc3 Nf6 5. Be2 O-O 6. O-O c5 7. dxc5 dxc5 8. Be3 Nbd7 9. Qd3 Ng4 10. Bf4 Nge5
11. Nxe5 Nxe5 12. Qe3 Qa5 13. Nd5 e6 14. Ne7+ Kh8 15. Bh6 Qc7 16. Bxg7+ Kxg7 17. f4 Qxe7 18. fxe5 Bd7 19. Rf6 Bc6 20. Raf1 Rad8
21. c3 b6 22. R1f3 h6 23. Rh3 Rh8 24. Rg3 c4 25. Rgf3 Rhf8 26. Bxc4 Qc5 27. Qxc5 bxc5 28. Bd3 c4 29. Bxc4 Bxe4 30. R3f4 Bf5
31. Bb3 Rd2 32. g4 g5
0-1

[Event "SM Master Norm"]
[Site "SchemingMind.com"]
[Date "2007.10.17"]
[Round "-"]
[White "ajedrez perfecto"]
[Black "Konan_Kaddosh"]
[Result "0-1"]
[WhiteCountry "BAH"]
[BlackCountry "ITA"]
[WhiteElo "2218"]
[WhiteRD "86"]
[BlackElo "2467"]
[BlackRD "58"]
[GameID "124891"]

1. d4 Nf6 2. Nf3 e6 3. g3 b6 4. c4 Ba6 5. Nbd2 Bb7 6. Bg2 c5 7. e4 cxd4 8. O-O d6 9. Nxd4 Nbd7 10. b4 h5
11. h4 Be7 12. Bb2 Qc8 13. f4 Ng4 14. Qe2 a5 15. a3 Ndf6 16. Nb5 O-O 17. Bd4 Qd8 18. bxa5 bxa5 19. Rab1 e5 20. Bc3 a4
21. Bb2 Rb8 22. Kh1 Qd7 23. Nc3 Ba6 24. Nd5 Nxd5 25. exd5 exf4 26. Rxf4 Rfe8 27. Qf1 Bd8 28. Bd4 Rxb1 29. Qxb1 Ba5 30. Qd3 Bxd2
31. Qxd2 Bxc4 32. Qb4 Rc8 33. Qb6 Bd3 34. Bg1 Qe8 35. Qd4 Bg6
0-1

[Event "SM Master Norm"]
[Site "SchemingMind.com"]
[Date "2007.10.16"]
[Round "-"]
[White "ajedrez perfecto"]
[Black "megapixel"]
[Result "1-0"]
[WhiteCountry "BAH"]
[BlackCountry "ENG"]
[WhiteElo "2218"]
[WhiteRD "86"]
[BlackElo "1937"]
[BlackRD "72"]
[GameID "124892"]

1. e4 b6 2. d4 Bb7 3. Nc3 e6 4. Bd3 g6 5. Nf3 Bg7 6. Bg5 Ne7 7. Qd2 h6 8. Be3 a6 9. O-O d6 10. Rfe1 Nd7
11. Rad1 Qc8 12. a4 c5 13. Be2 d5 14. exd5 Nxd5 15. Nxd5 Bxd5 16. c4 Bb7 17. d5 exd5 18. cxd5 Kf8 19. Bf4 Kg8 20. Bc4 Kh7
21. Re7
1-0

[Event "SM Master Norm"]
[Site "SchemingMind.com"]
[Date "2007.10.16"]
[Round "-"]
[White "ajedrez perfecto"]
[Black "Manuel Angel"]
[Result "1-0"]
[WhiteCountry "BAH"]
[BlackCountry "ESP"]
[WhiteElo "2199"]
[WhiteRD "79"]
[BlackElo "1734"]
[BlackRD "82"]
[GameID "124893"]

1. Nf3 Nf6 2. c4 d5 3. cxd5 Qxd5 4. Nc3 Qa5 5. d4 c6 6. Bf4 Nbd7 7. Qc2 h6 8. e4 g5 9. Be3 Bg7 10. Bc4 g4
11. Nd2 Nb6 12. Be2 Qh5 13. a4 Be6 14. a5 Nbd7 15. h3 Qg6 16. Bd3 gxh3 17. gxh3
1-0

[Event "SM Master Norm"]
[Site "SchemingMind.com"]
[Date "2007.10.17"]
[Round "-"]
[White "jdcald13"]
[Black "ajedrez perfecto"]
[Result "0-1"]
[WhiteCountry "USA"]
[BlackCountry "BAH"]
[WhiteElo "1931"]
[WhiteRD "46"]
[BlackElo "2253"]
[BlackRD "84"]
[GameID "124894"]

1. c4 e6 2. d4 Nf6 3. Nf3 b6 4. Nc3 Bb7 5. e3 Bb4 6. Bd3 c5 7. O-O cxd4 8. exd4 O-O 9. Bg5 Bxc3 10. bxc3 d6
11. Nd2 Nbd7 12. f4 Qc7 13. f5 e5 14. Qe1 h6 15. Bh4 Rfe8 16. d5 e4 17. Be2 Ba6 18. g4 e3 19. Nb3 Bxc4 20. g5 hxg5
21. Bxg5 Nxd5 22. f6 Re5 23. Qh4 Bxe2 24. fxg7 f6 25. Qh8+ Kf7 26. Bxf6 N5xf6 27. Qxa8 Rg5+ 28. Kh1 Bxf1 29. Rxf1 e2 30. Rxf6+ Kxg7
0-1

[Event "SM Master Norm"]
[Site "SchemingMind.com"]
[Date "2007.10.17"]
[Round "-"]
[White "Konan_Kaddosh"]
[Black "ajedrez perfecto"]
[Result "1-0"]
[WhiteCountry "ITA"]
[BlackCountry "BAH"]
[WhiteElo "2444"]
[WhiteRD "56"]
[BlackElo "2253"]
[BlackRD "84"]
[GameID "124895"]

1. e4 c5 2. Nf3 d6 3. d4 cxd4 4. Nxd4 Nf6 5. Nc3 a6 6. Be2 b5 7. O-O Bb7 8. Bf3 Nbd7 9. a4 b4 10. Nd5 Ne5
11. Re1 Nxf3+ 12. Qxf3 Nxd5 13. exd5 Qa5 14. Nf5 e5 15. Bd2 Qc5 16. Ne3 Qd4 17. a5 Bc8 18. Qe2 Rb8 19. c3 Qc5 20. cxb4 Qb5
21. Qxb5+ Rxb5 22. Rec1 Kd8 23. Rc6 Bb7 24. Rb6 Rxb6 25. axb6 f5 26. Nc4 f4 27. Na5 Bxd5 28. b7 Bxb7 29. Nxb7+ Kc7 30. Na5 Be7
31. Nc4 Kb7 32. Rc1 Rb8 33. g3
1-0

[Event "SM Master Norm"]
[Site "SchemingMind.com"]
[Date "2007.10.17"]
[Round "-"]
[White "Manuel Angel"]
[Black "ajedrez perfecto"]
[Result "0-1"]
[WhiteCountry "ESP"]
[BlackCountry "BAH"]
[WhiteElo "1747"]
[WhiteRD "74"]
[BlackElo "2253"]
[BlackRD "84"]
[GameID "124897"]

1. Nf3 d5 2. d4 Nf6 3. c4 e6 4. Nc3 c6 5. Bg5 h6 6. Bxf6 Qxf6 7. e3 Nd7 8. Bd3 dxc4 9. Bxc4 Be7 10. Bd3 O-O
11. O-O e5 12. Ne4 Qe6 13. Ng3 exd4
0-1

[Event "SM Master Norm"]
[Site "SchemingMind.com"]
[Date "2007.10.23"]
[Round "-"]
[White "smothered mate"]
[Black "jdcald13"]
[Result "0-1"]
[WhiteCountry "POL"]
[BlackCountry "USA"]
[WhiteElo "1924"]
[WhiteRD "75"]
[BlackElo "1931"]
[BlackRD "46"]
[GameID "125102"]

1. e4 c6 2. d4 d5 3. exd5 cxd5 4. c4 Nf6 5. Nc3 e6 6. Bf4 Bb4 7. Bd3 dxc4 8. Bxc4 O-O 9. Ne2 Nc6 10. O-O a6
11. a4 h6 12. d5 exd5 13. Nxd5 Nxd5 14. Bxd5 Bd7 15. Qb3 Qa5 16. Rfd1 Rad8 17. Nd4 Nxd4 18. Rxd4 Bc5 19. Bd2 Qb6 20. Rd3 Bxf2+
21. Kf1 Be6 22. Bxe6 Rxd3 23. Qxd3 fxe6 24. Ke2 Bd4 25. Rf1 Rxf1 26. Kxf1 Qxb2 27. Be1 e5 28. Qg6 Qb3 29. Qe8+ Kh7 30. h4 Qd3#
0-1

[Event "SM Master Norm"]
[Site "SchemingMind.com"]
[Date "2007.10.23"]
[Round "-"]
[White "smothered mate"]
[Black "Konan_Kaddosh"]
[Result "0-1"]
[WhiteCountry "POL"]
[BlackCountry "ITA"]
[WhiteElo "1924"]
[WhiteRD "75"]
[BlackElo "2444"]
[BlackRD "56"]
[GameID "125103"]

1. e4 c5 2. c3 d5 3. exd5 Qxd5 4. d4 Nf6 5. Nf3 e6 6. Be3 cxd4 7. cxd4 Bb4+ 8. Nc3 O-O 9. Bd3 b6 10. O-O Bxc3
11. bxc3 Ba6 12. Bxa6 Nxa6 13. Qb3 Rac8 14. Rfc1 Nb8 15. c4 Qf5 16. h3 Nc6 17. Rc2 Na5 18. Qa4 b5 19. Qxa5 Qxc2 20. cxb5 Nd5
21. Qxa7 Qb2 22. Re1 Ra8 23. Qd7 Nxe3 24. Rxe3 Rxa2
0-1

[Event "SM Master Norm"]
[Site "SchemingMind.com"]
[Date "2007.10.23"]
[Round "-"]
[White "smothered mate"]
[Black "megapixel"]
[Result "1-0"]
[WhiteCountry "POL"]
[BlackCountry "ENG"]
[WhiteElo "1984"]
[WhiteRD "74"]
[BlackElo "1937"]
[BlackRD "72"]
[GameID "125104"]

1. e4 b6 2. d4 Bb7 3. Bd3 Nf6 4. Qe2 Nc6 5. c3 e5 6. d5 Ne7 7. f4 exf4 8. Bxf4 Ng6 9. Bg3 d6 10. Bb5+ Nd7
11. Nf3 Qe7 12. Nd4 a6 13. Bc6 Bxc6 14. Nxc6 Qg5 15. Nd2 Nde5 16. Nf3 Nxf3+ 17. gxf3 Ne7 18. f4 Qh6 19. e5 dxe5 20. Qxe5 Qd6
21. O-O-O Qxe5 22. Nxe5 f6 23. Nc4 Nf5 24. Rhe1+ Kd7 25. Bf2 Re8 26. Ne3 Nxe3 27. Bxe3 f5= 28. Bd4 Rxe1 29. Rxe1 Rg8 30. Re6 Bd6
31. Be5 g6 32. Rf6 Re8 33. Rf7+ Re7 34. Rxe7+ Bxe7 35. Kd2 Bd6 36. b3 h6 37. Ke3 g5 38. c4 g4 39. Bg7 h5 40. Bf6 Bc5+
41. Ke2 Bg1 42. Bg5 b5 43. Kf1 Bxh2 44. Kg2 g3 45. c5 c6 46. d6 Ke6 47. Bh4
1-0

[Event "SM Master Norm"]
[Site "SchemingMind.com"]
[Date "2007.10.23"]
[Round "-"]
[White "smothered mate"]
[Black "ajedrez perfecto"]
[Result "1-0"]
[WhiteCountry "POL"]
[BlackCountry "BAH"]
[WhiteElo "1947"]
[WhiteRD "57"]
[BlackElo "2199"]
[BlackRD "79"]
[GameID "125105"]

1. e4 e5 2. Nf3 Nc6 3. Bc4 Bc5 4. b4 Bxb4 5. c3 Ba5 6. O-O Nf6 7. d4 exd4 8. e5 Ne4 9. Re1 Nxc3 10. Nxc3 Bxc3
11. Ba3 Bxe1 12. Qxe1 a5 13. h4 Nb4 14. Ng5 O-O 15. Qe4 g6 16. g4 d5 17. exd6 Qxd6 18. Nxf7 Rxf7 19. Qe8+ Qf8 20. Bxf7+
1-0

[Event "SM Master Norm"]
[Site "SchemingMind.com"]
[Date "2007.10.23"]
[Round "-"]
[White "smothered mate"]
[Black "Manuel Angel"]
[Result "0-1"]
[WhiteCountry "POL"]
[BlackCountry "ESP"]
[WhiteElo "1924"]
[WhiteRD "75"]
[BlackElo "1747"]
[BlackRD "74"]
[GameID "125106"]

1. e4 c5 2. c3 d5 3. exd5 Qxd5 4. d4 Nf6 5. Be3 Bg4 6. Qa4+ Nc6 7. Bc4 Qxg2 8. Qb3 O-O-O 9. f3 Qxh1 10. fxg4 Qe4
0-1

[Event "SM Master Norm"]
[Site "SchemingMind.com"]
[Date "2007.10.23"]
[Round "-"]
[White "jdcald13"]
[Black "smothered mate"]
[Result "1-0"]
[WhiteCountry "USA"]
[BlackCountry "POL"]
[WhiteElo "1931"]
[WhiteRD "46"]
[BlackElo "1924"]
[BlackRD "75"]
[GameID "125107"]

1. d4 d5 2. c4 Bf5 3. Nc3 e6 4. e3 Nc6 5. Nf3 Nb4 6. e4 dxe4 7. a3 Nc2+ 8. Qxc2 exf3 9. Qa4+ c6 10. Be3 fxg2
11. Bxg2 Nf6 12. d5 exd5 13. cxd5 b5 14. Qf4 Bd3 15. O-O-O Bd6 16. Qg5 Bg6 17. dxc6 Qa5 18. Rxd6 b4 19. Qxa5
1-0

[Event "SM Master Norm"]
[Site "SchemingMind.com"]
[Date "2007.10.23"]
[Round "-"]
[White "Konan_Kaddosh"]
[Black "smothered mate"]
[Result "1-0"]
[WhiteCountry "ITA"]
[BlackCountry "POL"]
[WhiteElo "2444"]
[WhiteRD "56"]
[BlackElo "1924"]
[BlackRD "75"]
[GameID "125108"]

1. e4 c6 2. d4 d5 3. Nc3 dxe4 4. Nxe4 Nf6 5. Nxf6+ gxf6 6. Nf3 Bg4 7. Bc4 Nd7 8. h3 Bh5 9. O-O Qc7 10. a4 Bg7
11. Re1 Nb6 12. Be2 Rd8 13. a5 Nc8 14. Nh4 Bg6 15. Be3 Nd6 16. Bd3 O-O 17. Nxg6 hxg6 18. Qf3 e5 19. dxe5 fxe5 20. Bxa7 Qc8
21. c3 f5 22. Bc2 e4 23. Bb3+ Nf7 24. Qg3 Kh7 25. Bc5
1-0

[Event "SM Master Norm"]
[Site "SchemingMind.com"]
[Date "2007.10.23"]
[Round "-"]
[White "megapixel"]
[Black "smothered mate"]
[Result "0-1"]
[WhiteCountry "ENG"]
[BlackCountry "POL"]
[WhiteElo "1937"]
[WhiteRD "72"]
[BlackElo "1984"]
[BlackRD "74"]
[GameID "125109"]

1. Nf3 d5 2. c4 c6 3. g3 dxc4 4. Bg2 f6 5. Qc2 b5 6. a4 Qa5 7. O-O e5 8. Rd1 Bc5 9. d3 Be6 10. d4 exd4
11. Nxd4 Bxd4 12. Rxd4 Ne7 13. Bd2 Qb6 14. Rd6 Kf7 15. axb5 Qc5 16. Rxc6 Nbxc6 17. bxc6 Nxc6 18. Be3 Qd6 19. Nc3 Nb4 20. Qe4 a6
21. Rd1 Qe7 22. Qh4 Rad8 23. Rxd8 Qxd8 24. Bc5 Qa5 25. Ne4 Rd8 26. Nd6+ Kg8 27. Nb7 Rd1+ 28. Bf1 Qa1 29. Qe4 Rxf1+
0-1

[Event "SM Master Norm"]
[Site "SchemingMind.com"]
[Date "2007.10.23"]
[Round "-"]
[White "ajedrez perfecto"]
[Black "smothered mate"]
[Result "0-1"]
[WhiteCountry "BAH"]
[BlackCountry "POL"]
[WhiteElo "2199"]
[WhiteRD "79"]
[BlackElo "1947"]
[BlackRD "57"]
[GameID "125110"]

1. e4 c6 2. d4 d5 3. e5 Bf5 4. Nf3 e6 5. c3 c5 6. Nbd2 Nc6 7. dxc5 Bxc5 8. Nb3 Bb6 9. Nbd4 Bg6 10. Bg5 Qc7
11. Nb5 Qd7 12. Nd6+ Kf8 13. Bf4 Nge7 14. Bb5 a6 15. Bxc6 bxc6 16. O-O Nf5 17. Nxf5 Bxf5 18. Qd2 h6 19. Rac1 c5 20. Be3 g5
21. b4 Qa7 22. a3 c4 23. Bxb6 Qxb6 24. Nd4 Bd3 25. Rfe1 Ke7 26. Re3 Raf8 27. a4 f6
0-1

[Event "SM Master Norm"]
[Site "SchemingMind.com"]
[Date "2007.10.23"]
[Round "-"]
[White "Manuel Angel"]
[Black "smothered mate"]
[Result "0-1"]
[WhiteCountry "ESP"]
[BlackCountry "POL"]
[WhiteElo "1712"]
[WhiteRD "78"]
[BlackElo "1984"]
[BlackRD "74"]
[GameID "125111"]

1. e4 c6 2. d4 d5 3. Nc3 dxe4 4. Nxe4 Nd7 5. Nf3 Ngf6 6. Nc3 g6 7. Bd3 Bg7 8. O-O O-O 9. Qe2 Re8 10. Bf4 Nh5
11. Be3 e5 12. Bg5 f6 13. Bc4+ Kh8 14. Be3 exd4 15. Nxd4 Ne5 16. Rad1 Qc7 17. Bb3 Ng4 18. Bf4 Qe7
0-1